00976nam a22002417a 4500999001700000003000900017008004100026040007100067082002000138100003800158245003700196260003900233300002800272505018800300650001500488650002000503650002600523650001700549650003200566942001600598945002000614952010000634 c11612d11612AR-CdUCM190404b ||||| |||| 00| 0 spa d aMUNICIPALIDAD PROVINCIAL DEL CUSCOcBIBLIOTECA MUNICIPAL DEL CUSCO a329.192 /bH413 aHaya de la Torre, Víctor Raúl aMensaje de la Europa nórdica / aBuenos Aires :bContinente,c1956. a210 páginas ;c21 cm. aContenido: Los Pueblos enérgicos -- Una visita al palacio de la corte mundial: epilogo del asilo --la Europa que nonos dejan ver: ¿Que llamarían ustedes una democracia ideal? ... aPerú935 aPolíticos931 aCorrespondencia95664 aSiglo XX.98 aDescripciones y viajes9497 2ddccLIBROS acmmd2019-04-04 002ddc4070aSCAbSCAcCARTd2019-04-04g30.00o329.192 / H413pSCA0001274r2019-04-04yLIBROS